The Thai Chamber of Commerce 2001 directory.
| Format: | Book |
|---|---|
| Published: |
Bangkok:
The Cosmic Group of Companies,
[2001].
|
| Subjects: |
| LEADER | 00429cam a2200133 7i4500 | ||
|---|---|---|---|
| 001 | 0000010318 | ||
| 005 | 20011210090000.0 | ||
| 090 | 0 | 0 | |a THAI 338.7025 |b THA |
| 245 | 0 | 0 | |a The Thai Chamber of Commerce 2001 directory. |
| 260 | 0 | 0 | |a Bangkok: |b The Cosmic Group of Companies, |c [2001]. |
| 300 | # | # | |a 320 p. |
| 650 | 0 | 0 | |a Business -- |x Directories -- |z Thailand |
| 651 | 0 | 0 | |a Thailand |
| 999 | |a 0000012919 |b Directories |c Countries |e Business Information Centre | ||